000 00772nam a2200253Ia 4500
003 OSt
005 20220927104054.0
006 a|||||r|||| 00| 0
007 ta
008 220926b |||||||| |||| 00| 0 eng d
024 _a76059
037 _cReference Collections
040 _aRTL
_cRTL
_beng
041 _2eng
_aeng
082 _a"X 723:(Z).791.N7, L8/UN"
110 _aWorld Bank
245 0 _aLand reform in Latin America
_b" Bolivia, Ghile, Mexico,Peru and Venezula"
260 _aNew
_bYork I B R D USA
_c1978
490 _a"World Bank Staff, working paper, 275"
650 _aLand Taxation
_9362619
700 _aWorld Bank
942 _h"X 723:(Z).791.N7, L8/UN"
_cCC
999 _c685361
_d685361